Les mystères de la Bastille / (Record no. 163611)

MARC details
000 -LEADER
campo de control de longitud fija 00731nam a22002175i 4500
001 - NÚMERO DE CONTROL
campo de control 163611
003 - IDENTIFICADOR DE NÚMERO DE CONTROL
campo de control ES-MaACL
005 - FECHA Y HORA DE LA ÚLTIMA TRANSACCIÓN
campo de control 20250714080905.0
008 - DATOS DE LONGITUD FIJA--INFORMACIÓN GENERAL
campo de control de longitud fija 050715s1878 fr | |||||||| ||fre d
040 ## - FUENTE DE CATALOGACIÓN
Centro catalogador/agencia de origen CAM
Lengua de catalogación spa
Centro/agencia transcriptor CAM
100 1# - ENTRADA PRINCIPAL--NOMBRE DE PERSONA
Nombre de persona Robert, Clémence.
9 (RLIN) 131878
245 13 - MENCIÓN DEL TÍTULO
Título Les mystères de la Bastille /
Mención de responsabilidad, etc. par Clémence Robert.
260 ## - PUBLICACIÓN, DISTRIBUCIÓN, ETC.
Lugar de publicación, distribución, etc. Paris :
Nombre del editor, distribuidor, etc. Calmann Lévy éditeur,
Fecha de publicación, distribución, etc. 1878 (
Fabricante Imp. A. Derenne)
300 ## - DESCRIPCIÓN FÍSICA
Extensión 314 p. ;
Dimensiones 19 cm.
490 1# - MENCIÓN DE SERIE
Mención de serie Collection MIchel Lévy
598 ## - NOTA LOCAL
Nota local La mención de serie consta en la antep.
752 ## - ENTRADA AGREGADA--NOMBRE JERÁRQUICO DEL LUGAR
País o entidad superior Francia -
Ciudad París
830 00 - PUNTO DE ACCESO ADICIONAL DE SERIE-TÍTULO UNIFORME
Título uniforme Collection Michel Lévy
9 (RLIN) 182425
852 ## - LOCALIZACIÓN
Ubicación ES-MaACL
Número de control de estantería D-1444
Nota libre -- Rust. deteriorada
-- -- Legado M. de la Fuente
Holdings
Estatus retirado Estado de pérdida Estado de daño No para préstamo Colección Biblioteca de origen Biblioteca actual Ubicación en estantería Fecha de adquisición Fuente de adquisición Total de préstamos Signatura topográfica completa Código de barras Visto por última vez Precio de reemplazo Tipo de ítem Koha
        Libros del s. XIX Biblioteca del Ateneo de Madrid Biblioteca del Ateneo de Madrid Sala Valle Inclán 17/01/2008     D-1444 901171452 23/02/2023 23/02/2023 Libro impreso antiguo